[Event "16th EUR-ch"]
[Site "Jerusalem ISR"]
[Date "2015.03.05"]
[Round "9"]
[White "Sivuk, Vitaly"]
[Black "Slavin, Alexey"]
[Result "1/2-1/2"]
[WhiteElo "2517"]
[BlackElo "2391"]
[EventDate "2015.02.24"]
[PlyCount "180"]

1.d4 Nf6 2.c4 e6 3.Nf3 b6 4.g3 Bb7 5.Bg2 Bb4+ 6.Nbd2 O-O 7.O-O d5 8.cxd5 
exd5 9.Ne5 Be7 10.Ndf3 Na6 11.Nh4 Qc8 12.Qc2 Nb4 13.Qb1 Ne4 14.a3 Bxh4 15.
gxh4 Nc6 16.Nxc6 Bxc6 17.Qc2 Qe6 18.f3 Nf6 19.Bf4 Bb5 20.Rf2 Rac8 21.a4 
Bd7 22.b4 Nh5 23.Bg3 f6 24.Qb3 Nxg3 25.hxg3 Qe3 26.Qd1 Rfe8 27.Ra2 Qc3 28.
b5 Re3 29.Kh2 Qc4 30.Qd2 Rce8 31.Bf1 Bf5 32.g4 Bb1 33.Rb2 Bg6 34.h5 Bf7 
35.Rc2 Qxa4 36.Rxc7 Qxb5 37.Rxa7 Qc6 38.Qb4 b5 39.Ra1 f5 40.gxf5 Qh6 41.
Kg1 Qxh5 42.Qxb5 Qxf5 43.Ra6 Rc3 44.Ra7 Qg5+ 45.Rg2 Qf6 46.Qb4 Rc4 47.Qb2 
Qxd4+ 48.Qxd4 Rxd4 49.Rd7 Rf4 50.Kf2 h6 51.Rg1 Rb4 52.Bh3 Rh4 53.Bg2 Be6 
54.Ra7 Rf4 55.Rb1 Rf7 56.Ra6 Rd7 57.Rbb6 Bf7 58.f4 Red8 59.Bh3 Re7 60.Bg2 
Bh5 61.Re6 Rxe6 62.Rxe6 Bf7 63.Ra6 Kh7 64.Bf3 Bg6 65.Re6 d4 66.Re5 d3 67.
exd3 Bxd3 68.Rd5 Rxd5 69.Bxd5 Kg6 70.Kg3 Kf5 71.Bf3 Ke6 72.Bc6 Kd6 73.Bf3 
Kc5 74.Bg4 Bc2 75.Bd7 Kd4 76.Be8 Ke3 77.Bf7 Bf5 78.Be8 Bc2 79.Bf7 Bd1 80.
Bg6 Bf3 81.Bf7 Be2 82.Bg6 Bd1 83.Bf7 Bf3 84.Bg6 h5 85.Be8 h4+ 86.Kxh4 Kxf4
87.Kh3 g5 88.Kh2 g4 89.Kg1 g3 90.Bb5 Ke3 1/2-1/2

[Event "16th EUR-ch"]
[Site "Jerusalem ISR"]
[Date "2015.03.05"]
[Round "9"]
[White "Melkumyan, Hrant"]
[Black "Murey, Jacob"]
[Result "1-0"]
[WhiteElo "2673"]
[BlackElo "2428"]
[EventDate "2015.02.24"]
[PlyCount "59"]

1.d4 g6 2.c4 Bg7 3.Nc3 c5 4.d5 Bxc3+ 5.bxc3 Qa5 6.Qc2 f5 7.Nh3 d6 8.Nf4 
Nd7 9.h4 Nf8 10.Rb1 Nf6 11.f3 Rb8 12.e3 Kf7 13.Bd3 h5 14.O-O e5 15.dxe6+ 
Nxe6 16.e4 Ng7 17.Nd5 Nxd5 18.cxd5 c4 19.Be2 Qc7 20.Be3 b5 21.Qd2 Bd7 22.
Bd4 a6 23.Qg5 Qd8 24.Qf4 Qe7 25.Bd1 Kg8 26.Bc2 Kh7 27.Rbe1 fxe4 28.Rxe4 
Qd8 29.Qf7 Rg8 30.Re7 1-0

[Event "16th EUR-ch"]
[Site "Jerusalem ISR"]
[Date "2015.03.05"]
[Round "9"]
[White "Salgado Lopez, Ivan"]
[Black "Petenyi, Tamas"]
[Result "0-1"]
[WhiteElo "2628"]
[BlackElo "2428"]
[EventDate "2015.02.24"]
[PlyCount "46"]

1.e4 g6 2.d4 Bg7 3.Nc3 d6 4.Be3 c6 5.Qd2 Nd7 6.f3 Ngf6 7.O-O-O b5 8.Kb1 
Nb6 9.Bd3 Nfd7 10.h4 e5 11.d5 cxd5 12.Nxb5 Nc5 13.Bxc5 dxc5 14.exd5 O-O 
15.c4 e4 16.fxe4 Na4 17.e5 Bxe5 18.h5 Nxb2 19.hxg6 fxg6 20.Nf3 Bg7 21.Be4 
Nxd1 22.d6 Bf5 23.Qd5+ Kh8 0-1

[Event "16th EUR-ch"]
[Site "Jerusalem ISR"]
[Date "2015.03.05"]
[Round "9"]
[White "Beliavsky, Alexander"]
[Black "Sarana, Alexey"]
[Result "1-0"]
[WhiteElo "2623"]
[BlackElo "2419"]
[EventDate "2015.02.24"]
[PlyCount "71"]

1.d4 Nf6 2.c4 e6 3.Nf3 d5 4.g3 Bb4+ 5.Bd2 Be7 6.Bg2 O-O 7.O-O c6 8.Qc2 b6 
9.Rd1 Nbd7 10.b3 Ba6 11.Bf4 Rc8 12.Nc3 Nh5 13.Bc1 f5 14.Bb2 Bd6 15.e3 Nhf6
16.Ne2 Ne4 17.Nf4 Qe7 18.a4 g5 19.Nd3 g4 20.Nfe5 c5 21.Nxd7 Qxd7 22.dxc5 
bxc5 23.Nf4 Bxf4 24.gxf4 Bb7 25.h3 gxh3 26.Bxe4 fxe4 27.Kh2 d4 28.Qe2 e5 
29.Qh5 Rf5 30.Rg1+ Kh8 31.Rg5 Rcf8 32.Rag1 Bc8 33.Qh6 R5f7 34.Rxe5 Rf6 35.
Qh4 Qd8 36.Rxc5 1-0

[Event "16th EUR-ch"]
[Site "Jerusalem ISR"]
[Date "2015.03.05"]
[Round "9"]
[White "Kobo, Ori"]
[Black "Georgiev, Kiril"]
[Result "1/2-1/2"]
[WhiteElo "2410"]
[BlackElo "2623"]
[EventDate "2015.02.24"]
[PlyCount "131"]

1.d4 Nf6 2.c4 e6 3.Nc3 Bb4 4.f3 d5 5.a3 Bd6 6.e4 dxe4 7.fxe4 e5 8.d5 O-O 
9.Nf3 Bg4 10.h3 Bh5 11.g4 Bg6 12.Bg5 Nbd7 13.Bd3 c6 14.b4 cxd5 15.Nxd5 h6 
16.Bh4 Be7 17.Nxe7+ Qxe7 18.O-O a5 19.Qd2 Rfc8 20.c5 Qe6 21.Qe2 b6 22.Bc4 
Qe8 23.Bxf6 Nxf6 24.Nh4 Kh7 25.Nxg6 fxg6 26.g5 hxg5 27.Qe3 axb4 28.axb4 
Rxa1 29.Rxa1 bxc5 30.b5 Qd8 31.Rb1 Rb8 32.Kg2 Nh5 33.Kh2 Nf4 34.Ra1 Rb7 
35.Rb1 g4 36.Rg1 gxh3 37.Rg4 Qf6 38.Qg3 g5 39.Rxg5 g6 40.Rg4 Rd7 41.Bd5 
Kg7 42.Qe3 Nxd5 43.exd5 Rxd5 44.Ra4 Rd7 45.Rc4 Rd5 46.Ra4 Qf1 47.Ra7+ Kf6 
48.Ra2 Qf4+ 49.Qxf4+ exf4 50.b6 Rd7 51.Rb2 Rb7 52.Rb5 Kf5 53.Kxh3 Ke4 54.
Rxc5 Rxb6 55.Kg4 Rf6 56.Rc4+ Ke3 57.Rc3+ Ke2 58.Rc2+ Kd3 59.Ra2 Rf5 60.
Ra3+ Ke2 61.Ra2+ Ke3 62.Ra3+ Ke4 63.Ra4+ Ke5 64.Ra5+ Kf6 65.Rxf5+ gxf5+ 
66.Kxf4 1/2-1/2

[Event "16th EUR-ch"]
[Site "Jerusalem ISR"]
[Date "2015.03.05"]
[Round "9"]
[White "Ben Artzi, Ido"]
[Black "Grigoryan, Karen"]
[Result "0-1"]
[WhiteElo "2408"]
[BlackElo "2596"]
[EventDate "2015.02.24"]
[PlyCount "82"]

1.d4 Nf6 2.c4 c5 3.d5 e6 4.Nc3 exd5 5.cxd5 d6 6.Nf3 a6 7.a4 g6 8.Bf4 Bg7 
9.h3 O-O 10.e3 Qe7 11.Be2 Nbd7 12.O-O Ne8 13.a5 h6 14.Qc2 f5 15.Rfe1 g5 
16.Bg3 Ndf6 17.Nd2 g4 18.hxg4 Nxg4 19.Na4 Bd7 20.Nb6 Rd8 21.Nf3 Bb5 22.Bh4
Bf6 23.Qxf5 Qg7 24.Bxf6 Nexf6 25.Nh4 Be8 26.f3 Ne5 27.Qh3 h5 28.Rab1 Bg6 
29.e4 Qh6 30.Bf1 Bh7 31.Nc4 Nxc4 32.Bxc4 Kh8 33.Kh1 Qd2 34.b4 cxb4 35.Red1
Qc3 36.Rdc1 Qe3 37.Nf5 Bxf5 38.Qxf5 Qh6 39.Bf1 Ng4 40.Qe6 Qg5 41.g3 Rxf3 
0-1

[Event "16th EUR-ch"]
[Site "Jerusalem ISR"]
[Date "2015.03.05"]
[Round "9"]
[White "Iovcov, Valerii"]
[Black "Timofeev, Artyom"]
[Result "1/2-1/2"]
[WhiteElo "2368"]
[BlackElo "2564"]
[EventDate "2015.02.24"]
[PlyCount "89"]

1.e4 c5 2.Nf3 d6 3.Bb5+ Nd7 4.c3 Nf6 5.Qe2 a6 6.Ba4 Qc7 7.O-O c4 8.Bc2 g6 
9.b3 cxb3 10.axb3 Bg7 11.d4 O-O 12.c4 b6 13.Nc3 Bb7 14.Bd2 Nb8 15.Rac1 e6 
16.Rfd1 h6 17.h3 Qe7 18.Re1 Nfd7 19.Bf4 Nc6 20.Be3 Nb4 21.Bb1 a5 22.Qd2 
Kh7 23.h4 h5 24.Bf4 Kg8 25.Nb5 e5 26.Bg5 Bf6 27.Nc7 Bxg5 28.Nxg5 Rad8 29.
Nd5 Bxd5 30.exd5 Qf6 31.dxe5 Nxe5 32.f4 Ng4 33.Re2 Rfe8 34.Rce1 Rxe2 35.
Rxe2 Rd7 36.f5 gxf5 37.Qf4 Re7 38.Rxe7 Qxe7 39.Kf1 Qf6 40.Nf3 Qb2 41.Qg5+ 
Kf8 42.Qd8+ Kg7 43.Qg5+ Kf8 44.Qd8+ Kg7 45.Qg5+ 1/2-1/2

[Event "16th EUR-ch"]
[Site "Jerusalem ISR"]
[Date "2015.03.05"]
[Round "9"]
[White "Oparin, Grigoriy"]
[Black "Deac, Bogdan-Daniel"]
[Result "1/2-1/2"]
[WhiteElo "2551"]
[BlackElo "2402"]
[EventDate "2015.02.24"]
[PlyCount "76"]

1.e4 e5 2.Nf3 Nc6 3.Bb5 a6 4.Ba4 Nf6 5.d3 d6 6.O-O Bd7 7.c3 g6 8.Re1 Bg7 
9.Nbd2 O-O 10.Nf1 Nh5 11.h3 Qe8 12.Bb3 Kh8 13.d4 f5 14.exf5 gxf5 15.dxe5 
Nxe5 16.Ng5 h6 17.Nf7+ Rxf7 18.Qxh5 Re7 19.Qh4 Ng6 20.Rxe7 Nxh4 21.Rxe8+ 
Rxe8 22.Bf4 Bc6 23.Ne3 Ng6 24.Bh2 f4 25.Nf5 Re2 26.h4 f3 27.gxf3 Rxb2 28.
Re1 Be5 29.Bxe5+ Nxe5 30.Nd4 a5 31.Re3 a4 32.Be6 Kg7 33.f4 Rb1+ 34.Kh2 
Rh1+ 35.Kg3 Rg1+ 36.Kh2 Rh1+ 37.Kg3 Rg1+ 38.Kh2 Rh1+ 1/2-1/2

[Event "16th EUR-ch"]
[Site "Jerusalem ISR"]
[Date "2015.03.05"]
[Round "9"]
[White "Indjic, Aleksandar"]
[Black "Reshef, Omer"]
[Result "1/2-1/2"]
[WhiteElo "2546"]
[BlackElo "2402"]
[EventDate "2015.02.24"]
[PlyCount "115"]

1.Nf3 d5 2.c4 c6 3.d4 Nf6 4.g3 Bf5 5.Nc3 e6 6.Bg2 Be7 7.Nh4 Bg6 8.Nxg6 
hxg6 9.Qd3 Nbd7 10.O-O O-O 11.Rd1 dxc4 12.Qxc4 e5 13.d5 Nb6 14.Qb3 cxd5 
15.Nxd5 Nbxd5 16.Bxd5 Qb6 17.Qxb6 axb6 18.Bxb7 Ra7 19.Bg2 Bc5 20.e3 b5 21.
Bd2 b4 22.Rdc1 Rd8 23.Be1 Be7 24.h3 e4 25.g4 g5 26.Rc4 Rda8 27.Bxb4 Ra4 
28.Bxe7 Rxc4 29.b3 Rc3 30.Bxf6 gxf6 31.Bxe4 Ra5 32.b4 Ra4 33.Rb1 Rc4 34.
Bd5 Rcxb4 35.Bb3 Kg7 36.Rd1 Ra7 37.Rd5 Rbb7 38.Kg2 Rd7 39.Rf5 Re7 40.Kf3 
Re5 41.Rxe5 fxe5 42.Ke4 Kf6 43.Kd5 Ra5+ 44.Kc6 Ra3 45.Kd6 Ra6+ 46.Kc5 Ke7 
47.a4 Kd7 48.f3 f6 49.Bc4 Rc6+ 50.Kd5 Rd6+ 51.Ke4 Rd1 52.a5 Ra1 53.Bb5+ 
Ke6 54.a6 Ra3 55.Bc4+ Kd6 56.Bb5 Ke6 57.Bc4+ Kd6 58.Bb5 1/2-1/2

[Event "16th EUR-ch"]
[Site "Jerusalem ISR"]
[Date "2015.03.05"]
[Round "9"]
[White "Zoler, Dan"]
[Black "Golubov, Saveliy"]
[Result "1/2-1/2"]
[WhiteElo "2527"]
[BlackElo "2362"]
[EventDate "2015.02.24"]
[PlyCount "233"]

1.d4 Nf6 2.c4 e6 3.Nf3 d5 4.Nc3 Be7 5.Bf4 O-O 6.e3 Nbd7 7.Be2 c5 8.dxc5 
Nxc5 9.O-O a6 10.cxd5 Nxd5 11.Nxd5 exd5 12.Be5 Bf5 13.Rc1 Rc8 14.Nd4 Be4 
15.Qd2 Qd7 16.h3 Ne6 17.Bg4 Bd6 18.Nxe6 fxe6 19.Qd4 Bxe5 20.Qxe5 Bf5 21.
Be2 Bc2 22.Rfe1 Rc6 23.Bf3 Qc7 24.Qd4 Rc8 25.Bg4 Kf7 26.a3 Rc4 27.Qd2 Qe5 
28.Be2 R4c7 29.Qb4 b5 30.Bf1 Qe4 31.Qd6 Rc6 32.Qg3 Qf5 33.Be2 Qf6 34.b4 g6
35.Kh2 Rc3 36.Qd6 R8c6 37.Qb8 Kg7 38.Bf3 Qe7 39.Qe5+ Qf6 40.Qb8 Qf7 41.
Qe5+ Qf6 42.Qb8 Rc7 43.Kg1 Qe5 44.Rf1 R3c4 45.Be2 Rc3 46.Bf3 h5 47.Kh1 Qf6
48.Qa8 R3c6 49.Bd1 Qf8 50.Qxf8+ Kxf8 51.Bxc2 Rxc2 52.Ra1 Rb2 53.a4 Rxb4 
54.axb5 axb5 55.Ra6 Kf7 56.Rb6 Rb2 57.Kg1 Rcc2 58.g4 hxg4 59.hxg4 Rc4 60.
Ra1 Rxg4+ 61.Kf1 Re4 62.Ra7+ Kf6 63.Rb8 g5 64.Rf8+ Ke5 65.Rg7 g4 66.Rfg8 
Rbb4 67.Rb7 Kd6 68.Rg6 Ke5 69.Re7 Kd6 70.Rb7 Rb1+ 71.Kg2 b4 72.Rg8 Rb2 73.
Kg3 Kc5 74.Rc8+ Kd6 75.Rb6+ Ke7 76.Rb7+ Kf6 77.Rf8+ Ke5 78.Rg8 Rb1 79.Kg2 
Kd6 80.Rd8+ Kc6 81.Rdb8 Kd6 82.Rd8+ Ke5 83.Rb6 Kf5 84.Rf8+ Kg6 85.Rd8 Kf5 
86.Rf8+ Ke5 87.Re8 Kf6 88.Rh8 Kf7 89.Rh6 Kg7 90.Rhxe6 Rxe6 91.Rxe6 b3 92.
Rb6 Kf7 93.Kg3 b2 94.Kg2 Ke7 95.Rb3 Kd6 96.Rb8 Kc5 97.Rc8+ Kb4 98.Rb8+ Kc3
99.Rc8+ Kd3 100.Rb8 g3 101.f4 Kxe3 102.f5 Ra1 103.Rxb2 d4 104.f6 Ra6 105.
f7 Rf6 106.Rb7 d3 107.Re7+ Kd4 108.Rd7+ Kc3 109.Rc7+ Kb2 110.Rd7 Kc2 111.
Rc7+ Kd1 112.Kxg3 d2 113.Kh4 Ke2 114.Re7+ Kf2 115.Kg5 Rxf7 116.Rxf7+ Ke2 
117.Re7+ 1/2-1/2

[Event "16th EUR-ch"]
[Site "Jerusalem ISR"]
[Date "2015.03.05"]
[Round "9"]
[White "Kudischewitsch, David"]
[Black "Popilski, Gil"]
[Result "0-1"]
[WhiteElo "2334"]
[BlackElo "2517"]
[EventDate "2015.02.24"]
[PlyCount "100"]

1.d4 g6 2.e4 Bg7 3.Nc3 d6 4.h3 a6 5.a4 b6 6.g4 Bb7 7.Bg2 Nd7 8.Be3 e5 9.
Nge2 Ngf6 10.O-O O-O 11.Qd2 h5 12.g5 Nh7 13.f4 exf4 14.Bxf4 c5 15.Nd5 cxd4
16.Nxd4 Nc5 17.h4 Re8 18.Rfe1 Nf8 19.Bg3 Nfe6 20.Bf2 Rb8 21.b3 Ba8 22.Rad1
Nc7 23.Qf4 N7e6 24.Nxe6 Rxe6 25.Bh3 Bxd5 26.Rxd5 Re5 27.Red1 Nxe4 28.Be1 
Rxd5 29.Rxd5 Qe7 30.Qe3 Re8 31.Bg2 Qd7 32.Kf1 Nf6 33.Qd3 Nxd5 34.Bxd5 Qg4 
35.Bf2 Re5 36.Bf3 Qh3+ 37.Bg2 Qxd3+ 38.cxd3 b5 39.a5 d5 40.d4 Rf5 41.Ke2 
Rf4 42.Bxd5 Bxd4 43.Bg3 Rg4 44.Be1 Bc5 45.Bf3 Rf4 46.Bg3 Rb4 47.Bd5 Rd4 
48.Bb7 Bb4 49.Bxa6 Rd2+ 50.Kf1 Rd3 0-1

[Event "16th EUR-ch"]
[Site "Jerusalem ISR"]
[Date "2015.03.05"]
[Round "9"]
[White "Zanan, Evgeny"]
[Black "Firat, Burak"]
[Result "0-1"]
[WhiteElo "2327"]
[BlackElo "2486"]
[EventDate "2015.02.24"]
[PlyCount "118"]

1.d4 d5 2.c4 e6 3.Nf3 c6 4.Qc2 dxc4 5.Qxc4 b5 6.Qd3 Bb7 7.g3 a6 8.a4 Nf6 
9.Bg2 Nbd7 10.O-O c5 11.axb5 Be4 12.Qd1 axb5 13.Rxa8 Qxa8 14.Nbd2 Bd5 15.
dxc5 Nxc5 16.Ne1 Be7 17.Bxd5 Qxd5 18.Ng2 O-O 19.Nf3 Qa2 20.Nf4 Ra8 21.Ne5 
Qb3 22.Nc6 Bf8 23.Qd4 Qc2 24.Nb4 Qa4 25.Nc6 Qxd4 26.Nxd4 e5 27.Nxb5 Rb8 
28.Nc3 exf4 29.Bxf4 Rxb2 30.Rb1 Rxb1+ 31.Nxb1 Nd5 32.Be5 f6 33.Bb2 Ne4 34.
Bd4 Bb4 35.f3 Nec3 36.Nxc3 Bxc3 37.Bc5 Kf7 38.e4 Nc7 39.Kg2 Ne6 40.Be3 Bd4
41.Bd2 Nc5 42.h4 h5 43.Kh3 Nd3 44.Kg2 Ne5 45.Ba5 Ke6 46.Bb4 Nd3 47.Bd2 Kd6
48.g4 g6 49.gxh5 gxh5 50.f4 Kc5 51.Kf3 Kc4 52.Ba5 Kb5 53.Bd8 Kc6 54.Ba5 
Kd7 55.Bd2 Kc6 56.Ba5 Nf2 57.Bd8 Ng4 58.Kg3 Bf2+ 59.Kf3 Bxh4 0-1

[Event "16th EUR-ch"]
[Site "Jerusalem ISR"]
[Date "2015.03.05"]
[Round "9"]
[White "Kjartansson, Gudmundur"]
[Black "Manakova, Maria"]
[Result "1-0"]
[WhiteElo "2484"]
[BlackElo "2318"]
[EventDate "2015.02.24"]
[PlyCount "159"]

1.c4 e5 2.Nc3 d6 3.g3 f5 4.d4 exd4 5.Qxd4 Nc6 6.Qe3+ Be7 7.Nd5 Ne5 8.b3 c6
9.Nxe7 Nxe7 10.Bb2 Ng4 11.Qd4 Nf6 12.Nh3 c5 13.Qe3 O-O 14.Bg2 Nc6 15.O-O 
Qe7 16.Qxe7 Nxe7 17.Rad1 Ne8 18.Rd3 Rb8 19.Re3 Nc6 20.Bd5+ Kh8 21.Nf4 Bd7 
22.Nh5 Nd4 23.Bxd4 cxd4 24.Rd3 Nc7 25.Rxd4 g5 26.Bf3 Be8 27.g4 Bxh5 28.
gxh5 g4 29.Bg2 Ne8 30.h3 gxh3 31.Bxh3 b5 32.Rc1 b4 33.Rf4 Ng7 34.Rd1 Rf6 
35.Rd5 Re8 36.e3 Re5 37.Rfd4 Nxh5 38.Rxd6 Ra5 39.Rxf6 Nxf6 40.c5 Rxc5 41.
Rxb4 Kg7 42.Rb7+ Kg6 43.Rxa7 Ne4 44.f3 Rc1+ 45.Kh2 Rc2+ 46.Bg2 Nf6 47.Ra6 
Re2 48.b4 Rxe3 49.b5 f4 50.b6 Re2 51.a4 Rb2 52.a5 Kg5 53.Ra7 Kh4 54.Rf7 
Nd5 55.b7 Ne3 56.Rxh7+ Kg5 57.Kh3 Nxg2 58.Rg7+ Kf5 59.Rxg2 Rxb7 60.Ra2 
Rh7+ 61.Kg2 Rg7+ 62.Kf2 Rh7 63.Ra3 Ke5 64.a6 Ra7 65.Kg2 Rg7+ 66.Kh3 Rh7+ 
67.Kg4 Rg7+ 68.Kh5 Rh7+ 69.Kg6 Ra7 70.Ra1 Ke6 71.Kg5 Ke5 72.Ra3 Rg7+ 73.
Kh6 Ra7 74.Kg6 Ke6 75.Kg5 Ke5 76.Ra5+ Kd6 77.Kxf4 Kc6 78.Ra2 Kb6 79.Ke5 
Re7+ 80.Kd6 1-0

[Event "16th EUR-ch"]
[Site "Jerusalem ISR"]
[Date "2015.03.05"]
[Round "9"]
[White "Aharon, Ofir"]
[Black "Yuffa, Daniil"]
[Result "0-1"]
[WhiteElo "2311"]
[BlackElo "2469"]
[EventDate "2015.02.24"]
[PlyCount "58"]

1.e4 Nf6 2.e5 Nd5 3.d4 d6 4.c4 Nb6 5.exd6 exd6 6.Nc3 Be7 7.Bd3 O-O 8.Nge2 
Bg4 9.O-O Nc6 10.f3 Bh5 11.Nf4 Bg6 12.Nxg6 hxg6 13.d5 Ne5 14.b3 Bf6 15.Bb2
Nxd3 16.Qxd3 a5 17.Rab1 a4 18.b4 Re8 19.a3 Qe7 20.Rbe1 Qxe1 21.Rxe1 Rxe1+ 
22.Kf2 Rae8 23.c5 Nd7 24.cxd6 cxd6 25.Nxa4 Bg5 26.Nc3 R8e3 27.Qc4 Ne5 28.
Qc8+ Kh7 29.Na4 Bh4+ 0-1

[Event "16th EUR-ch"]
[Site "Jerusalem ISR"]
[Date "2015.03.05"]
[Round "9"]
[White "Schnabel, Ralf"]
[Black "Goryachkina, Aleksandra"]
[Result "0-1"]
[WhiteElo "2223"]
[BlackElo "2451"]
[EventDate "2015.02.24"]
[PlyCount "68"]

1.e4 c5 2.Nf3 d6 3.d4 cxd4 4.Nxd4 Nf6 5.Nc3 a6 6.Be2 e5 7.Nb3 Be7 8.Bg5 
Be6 9.Bxf6 Bxf6 10.Qd3 Nc6 11.O-O-O Qb6 12.Qxd6 Qxf2 13.Bf3 Be7 14.Qd2 
Qxd2+ 15.Nxd2 Rc8 16.Nd5 Nb4 17.Nxb4 Bxb4 18.Kb1 Ke7 19.c3 Bc5 20.Nb3 Bb6 
21.Rhf1 g6 22.Rfe1 h5 23.Na1 Rhd8 24.Nc2 Rxd1+ 25.Rxd1 a5 26.a3 h4 27.h3 
Rc7 28.Kc1 Kf6 29.Re1 Kg5 30.Ne3 Bxe3+ 31.Rxe3 Kf4 32.Rd3 Rd7 33.Kd2 Rxd3+
34.Kxd3 Bxh3 0-1

[Event "16th EUR-ch"]
[Site "Jerusalem ISR"]
[Date "2015.03.05"]
[Round "9"]
[White "Shevelev, Arkady"]
[Black "Makhmutov, Rail"]
[Result "1/2-1/2"]
[WhiteElo "2285"]
[BlackElo "2448"]
[EventDate "2015.02.24"]
[PlyCount "45"]

1.e4 Nf6 2.e5 Nd5 3.d4 d6 4.c4 Nb6 5.exd6 exd6 6.Nc3 Be7 7.Nf3 Bg4 8.Be2 
O-O 9.O-O Nc6 10.b3 Bf6 11.Be3 Re8 12.h3 Bh5 13.Rc1 d5 14.cxd5 Nb4 15.Bc4 
Rc8 16.a3 N4xd5 17.Nxd5 Nxd5 18.Bxd5 Qxd5 19.Rc5 Bxf3 20.Rxd5 Bxd1 21.Rxd1
Be7 22.Bf4 a6 23.Rd7 1/2-1/2

[Event "16th EUR-ch"]
[Site "Jerusalem ISR"]
[Date "2015.03.05"]
[Round "9"]
[White "Pogosian, Vladimir"]
[Black "Gruenfeld, Yehuda"]
[Result "0-1"]
[WhiteElo "2124"]
[BlackElo "2444"]
[EventDate "2015.02.24"]
[PlyCount "110"]

1.f4 d5 2.g3 Nf6 3.Nf3 g6 4.Bg2 Bg7 5.O-O O-O 6.d3 c5 7.a3 Nc6 8.Nc3 d4 9.
Ne4 Nxe4 10.dxe4 Qb6 11.h3 Bd7 12.g4 Rad8 13.Qe1 c4 14.Kh1 Bc8 15.Rb1 Qb5 
16.b3 cxb3 17.e5 Be6 18.cxb3 Bd5 19.a4 Qa6 20.Bd2 b5 21.a5 Qb7 22.b4 Bc4 
23.h4 Qd7 24.Bh3 f6 25.exf6 exf6 26.Qf2 Rfe8 27.Rfe1 Re4 28.Ng1 Rde8 29.
Bg2 Bd5 30.Qg3 Bf8 31.Kh2 R4e6 32.Bxd5 Qxd5 33.Qb3 Qd6 34.Qf3 Re4 35.Kg2 
Qd7 36.Kf1 f5 37.gxf5 Qxf5 38.Qh3 Qf7 39.Nf3 h6 40.Rec1 R8e6 41.Qg2 Qf5 
42.Rb3 Ne7 43.Rc5 Nd5 44.Rxb5 Rxe2 45.Qxe2 Rxe2 46.Nxd4 Qe4 47.Nxe2 Qc4 
48.Rxd5 Qxd5 49.Rb2 Qf3+ 50.Ke1 Be7 51.Bc3 Bxh4+ 52.Kd2 Bf2 53.Kc1 h5 54.
Be5 h4 55.Rc2 h3 0-1

[Event "16th EUR-ch"]
[Site "Jerusalem ISR"]
[Date "2015.03.05"]
[Round "9"]
[White "Nakar, Eylon"]
[Black "Vasiliev, Olga"]
[Result "1-0"]
[WhiteElo "2435"]
[BlackElo "2296"]
[EventDate "2015.02.24"]
[PlyCount "73"]

1.e4 c5 2.Nf3 Nc6 3.d4 cxd4 4.Nxd4 e5 5.Nb5 d6 6.N1c3 a6 7.Na3 b5 8.Nd5 
Nge7 9.Bd3 Nxd5 10.exd5 Ne7 11.O-O f5 12.c4 bxc4 13.Nxc4 Ng6 14.Bd2 Kf7 
15.Rc1 e4 16.Bb1 Rb8 17.f3 exf3 18.Qxf3 Nh4 19.Qg3 Be7 20.Bf4 Rb6 21.Nxb6 
Qxb6+ 22.Kh1 h6 23.Rfe1 Ng6 24.Rxc8 Rxc8 25.Bxf5 Nxf4 26.Qxf4 Rf8 27.Qe4 
Qc7 28.Bg6+ Kg8 29.Qe6+ Kh8 30.Bd3 Bf6 31.Qe8 Kg8 32.Qg6 Be5 33.Qh7+ Kf7 
34.Bg6+ Kf6 35.Bh5 Rb8 36.Qg6+ Ke7 37.Qf7+ 1-0

[Event "16th EUR-ch"]
[Site "Jerusalem ISR"]
[Date "2015.03.05"]
[Round "9"]
[White "Draskovic, Luka"]
[Black "Gorodetzky, David"]
[Result "1-0"]
[WhiteElo "2432"]
[BlackElo "2210"]
[EventDate "2015.02.24"]
[PlyCount "115"]

1.Nf3 Nf6 2.d4 e6 3.g3 d5 4.Bg2 Be7 5.O-O O-O 6.b3 b6 7.c4 Bb7 8.Nc3 a5 9.
Ne5 Na6 10.Bf4 c5 11.dxc5 Nxc5 12.cxd5 exd5 13.Be3 Re8 14.Bd4 Ne6 15.Nf3 
Ne4 16.Rc1 Rc8 17.Qd3 Nxd4 18.Nxd4 Bg5 19.Rc2 Bf6 20.Bf3 Ba6 21.Qxa6 Bxd4 
22.Bxe4 dxe4 23.Rfc1 h5 24.Kg2 Rc5 25.e3 Bf6 26.Na4 Rxc2 27.Rxc2 Kh7 28.
Qe2 Re5 29.Rc6 b5 30.Nb6 Qe8 31.Qc2 h4 32.Rc5 hxg3 33.hxg3 Bd8 34.Rxe5 
Qxe5 35.Nd7 Qe7 36.Qc6 Qb4 37.Qd5 Be7 38.Qxf7 a4 39.bxa4 bxa4 40.Qf5+ Kg8 
41.Qe6+ Kh7 42.Nb6 Bg5 43.Nd5 Qd2 44.Qxe4+ g6 45.a3 Qa2 46.Nc3 Qxa3 47.
Nxa4 Bd8 48.Qd4 Qe7 49.Nc3 Ba5 50.Nd5 Qb7 51.Qh4+ Kg8 52.Qe4 Kf7 53.Qf3+ 
Kg7 54.Qf6+ Kh7 55.e4 Qb1 56.Qf7+ Kh6 57.Nf6 Kg5 58.f4+ 1-0

[Event "16th EUR-ch"]
[Site "Jerusalem ISR"]
[Date "2015.03.05"]
[Round "9"]
[White "Mikhalevski, Victor"]
[Black "Gamayev, Oleg"]
[Result "1-0"]
[WhiteElo "2559"]
[BlackElo "2204"]
[EventDate "2015.02.24"]
[PlyCount "46"]

1.d4 d6 2.e4 Nf6 3.Nc3 e5 4.Nf3 exd4 5.Nxd4 Be7 6.g3 d5 7.e5 Ng4 8.Bg2 Nc6
9.O-O Ngxe5 10.Nxd5 Bc5 11.Nxc6 Nxc6 12.Re1+ Be6 13.Qh5 O-O 14.Bg5 Be7 15.
Nxe7+ Nxe7 16.Be4 h6 17.Rad1 Qe8 18.Bxh6 gxh6 19.Qxh6 Ng6 20.h4 Rd8 21.
Rxd8 Qxd8 22.Bxg6 fxg6 23.Qxg6+ Kh8 1-0

[Event "16th EUR-ch"]
[Site "Jerusalem ISR"]
[Date "2015.03.05"]
[Round "9"]
[White "Baron, Tal"]
[Black "Ciobanu, Camelia-Adriana"]
[Result "1-0"]
[WhiteElo "2510"]
[BlackElo "2152"]
[EventDate "2015.02.24"]
[PlyCount "71"]

1.e4 e6 2.d4 d5 3.Nc3 Nf6 4.e5 Nfd7 5.f4 c5 6.Nf3 Nc6 7.Be3 a6 8.Qd2 b5 9.
dxc5 Bxc5 10.Bd3 Qb6 11.Bf2 Bxf2+ 12.Qxf2 Nc5 13.O-O b4 14.Ne2 g6 15.Kh1 
a5 16.Qh4 Nxd3 17.cxd3 Ne7 18.Qf6 Rf8 19.Ng5 h5 20.Nh7 Rg8 21.Qg5 Kd8 22.
Qf6 Ke8 23.Ng5 Rf8 24.Ng3 h4 25.Nh7 hxg3 26.Qg7 Rg8 27.Nf6+ Kd8 28.Nxg8 
Nxg8 29.Qf8+ Kd7 30.Qxg8 Ke7 31.Qh8 Bb7 32.Qh4+ Kd7 33.Qxg3 Qd4 34.Qf2 
Qxd3 35.Rac1 Ba6 36.Qb6 1-0

[Event "16th EUR-ch"]
[Site "Jerusalem ISR"]
[Date "2015.03.05"]
[Round "9"]
[White "Usmanov, Vasily"]
[Black "Ben-Natan, Yigal"]
[Result "1-0"]
[WhiteElo "2414"]
[BlackElo "2138"]
[EventDate "2015.02.24"]
[PlyCount "67"]

1.d4 d5 2.c4 c6 3.e3 Bf5 4.Nc3 e6 5.Qb3 Qb6 6.c5 Qc7 7.Nge2 Nd7 8.f3 Ngf6 
9.g4 Bg6 10.h4 h6 11.Nf4 Be7 12.Nxg6 Qg3+ 13.Ke2 fxg6 14.Qxb7 Kf7 15.Rh3 
Qg1 16.Ke1 Nxg4 17.fxg4 Nf6 18.Qc7 Nxg4 19.Qf4+ Nf6 20.Ne2 Qg4 21.Rf3 Qf5 
22.Bh3 g5 23.hxg5 Qxg5 24.Qe5 Qh4+ 25.Kd1 Qe4 26.Bxe6+ Ke8 27.Qxe4 Nxe4 
28.Bf5 Ng5 29.Rf4 Rf8 30.b4 a5 31.b5 cxb5 32.Nc3 Rd8 33.c6 Bd6 34.Bd7+ 1-0

[Event "16th EUR-ch"]
[Site "Jerusalem ISR"]
[Date "2015.03.05"]
[Round "9"]
[White "Bitensky, Igor"]
[Black "Kali, Omer"]
[Result "0-1"]
[WhiteElo "2384"]
[BlackElo "2089"]
[EventDate "2015.02.24"]
[PlyCount "66"]

1.Nf3 d5 2.d4 Nf6 3.c4 dxc4 4.e3 b5 5.a4 b4 6.Bxc4 e6 7.O-O Bb7 8.Nbd2 Be7
9.Qc2 O-O 10.e4 c5 11.e5 Nfd7 12.Ne4 h6 13.Bf4 Qa5 14.Rad1 Nb6 15.Rfe1 
Nxc4 16.Qxc4 Nd7 17.Qc1 cxd4 18.Nxd4 Rac8 19.Qe3 Rfd8 20.Qg3 Kh7 21.Qd3 
Kh8 22.Qh3 Kh7 23.Qh5 Bxe4 24.Rxe4 Nf6 25.Qxf7 Nxe4 26.Qxe6 Qxa4 27.Re1 
Qd7 28.Qxd7 Rxd7 29.Rxe4 Rc4 30.Be3 Bc5 31.e6 Rdxd4 32.Rxd4 Bxd4 33.e7 
Bxe3 0-1

[Event "16th EUR-ch"]
[Site "Jerusalem ISR"]
[Date "2015.03.05"]
[Round "9"]
[White "Faizrakhmanov, Ramil"]
[Black "Zlatin, Alexander"]
[Result "1-0"]
[WhiteElo "2371"]
[BlackElo "2086"]
[EventDate "2015.02.24"]
[PlyCount "93"]

1.d4 Nf6 2.c4 e6 3.Nf3 c5 4.d5 exd5 5.cxd5 d6 6.Nc3 g6 7.Bf4 Bg7 8.Qa4+ 
Bd7 9.Qb3 Qc7 10.e4 O-O 11.Be2 Bg4 12.Nb5 Qa5+ 13.Nd2 Bxe2 14.Kxe2 Qa6 15.
Nc4 Ne8 16.Bxd6 Nxd6 17.Nbxd6 Nd7 18.Qxb7 Qxb7 19.Nxb7 Rab8 20.Nba5 Ne5 
21.f4 Nxc4 22.Nxc4 Bxb2 23.Rab1 Rb4 24.Nxb2 Rfb8 25.Rhd1 Kf8 26.Rd2 c4 27.
Rc1 Rxb2 28.Rxc4 Rxd2+ 29.Kxd2 Rb7 30.d6 Ke8 31.Rc8+ Kd7 32.Rc7+ Rxc7 33.
dxc7 Kxc7 34.g4 h5 35.gxh5 gxh5 36.h4 Kd6 37.Kd3 Kc5 38.Kc3 a6 39.a3 a5 
40.a4 Kd6 41.Kd4 f6 42.e5+ Ke6 43.Ke4 Kf7 44.Kf5 Ke7 45.exf6+ Kf7 46.Kg5 
Ke6 47.Kg6 1-0

[Event "16th EUR-ch"]
[Site "Jerusalem ISR"]
[Date "2015.03.05"]
[Round "9"]
[White "Soltanici, Ruslan"]
[Black "Aronin, Pavel"]
[Result "1-0"]
[WhiteElo "2350"]
[BlackElo "2085"]
[EventDate "2015.02.24"]
[PlyCount "125"]

1.e4 c5 2.Nf3 e6 3.d4 cxd4 4.Nxd4 Nc6 5.Nc3 Qc7 6.Be2 Nf6 7.O-O a6 8.Be3 
Bb4 9.Na4 Be7 10.Nxc6 bxc6 11.Nb6 Rb8 12.Nxc8 Qxc8 13.e5 Nd5 14.Bc1 O-O 
15.c4 Nc7 16.Bd3 Ne8 17.Qc2 f5 18.exf6 Nxf6 19.Bf4 Ra8 20.Be5 Kh8 21.Rad1 
Qe8 22.Qe2 Qf7 23.f4 Qh5 24.Qxh5 Nxh5 25.Be2 Nf6 26.g3 a5 27.Rd3 a4 28.g4 
d5 29.g5 Nd7 30.Bc3 Bd6 31.cxd5 exd5 32.Bg4 Nc5 33.Rh3 Ne4 34.g6 Nf6 35.
Be6 h6 36.Bf7 Bc5+ 37.Kg2 d4 38.Bd2 Rab8 39.Bc1 Ng4 40.Rh5 Be7 41.Kf3 Nf6 
42.Ra5 Ra8 43.Re5 Bb4 44.Re6 Rac8 45.a3 Ba5 46.f5 Nd5 47.Rd1 Bb6 48.Rg1 d3
49.Rd1 Bd4 50.Rxd3 Bf6 51.Re4 Rb8 52.Bxd5 cxd5 53.Rxd5 Rb3+ 54.Re3 Rxe3+ 
55.Bxe3 Bxb2 56.Bc5 Ra8 57.Be7 Kg8 58.Rb5 Bc1 59.Rb7 Bd2 60.f6 gxf6 61.
Bxf6 Rf8 62.Rg7+ Kh8 63.Rh7+ 1-0